Statistiken für Die 15 größten Länder gemessen am Bruttoinlandsprodukt – Europa

Klicken Sie hier um das Quiz zu spielen!

Allgemein

  • Dieses Quiz wurde 120 mal gespielt
  • Das Durchschnittsergebnis liegt bei 13 aus 15

Antwortstatistiken

BIP in miljarden $Antwort% Korrekt
4.199Deutschland
99%
2.856Frankreich
99%
2.317Italien
98%
1.778Spanien
98%
441Österreich
97%
518Schweden
97%
2.925Vereinigtes Königreich
96%
381Norwegen
95%
1.126Polen
95%
523Schweiz
93%
529Belgien
91%
924Niederlande
91%
483Rumänien
66%
2.186Türkei
65%
376Tschechische Republik
3%

Verteilung der Resultate

Perzentil nach korrekt beantworteten Fragen

Anzahl Personen mit jedem Resultat

Ihre Resultats-Entwicklung

Sie haben dieses Quiz noch nicht gespielt